| 000 | 01396cam a2200361Ii 4500 | ||
|---|---|---|---|
| 001 | 37760 | ||
| 005 | 20230411085955.0 | ||
| 007 | hd afa012bacp | ||
| 007 | hd bfa012babp | ||
| 007 | hd bfa012baap | ||
| 008 | 920430s1961 nq a 000 0 spa d | ||
| 035 | _a(OCoLC)ocm25739511 | ||
| 040 |
_aNDD _cNDD _dOCL _dOCLCQ |
||
| 035 | _a(OCoLC)25739511 | ||
| 037 | _bPerkins Library, Duke University, Durham, N.C. 27706 | ||
| 043 | _as-ve--- | ||
| 049 | _aLTNA | ||
| 100 | 1 | _aRojas, Pedro José. | |
| 245 | 1 | 0 |
_aBetancourt, violador de los derechos humanos _h[microform] = _bBetancourt : violator of human rights / _cPedro José Rojas. |
| 260 |
_aManagua : _b[s.n.], _c1961. |
||
| 300 |
_a25 p. ; _c23 cm. |
||
| 500 | _aText in Spanish and English. | ||
| 500 | _aPrinting Master 6855. | ||
| 500 | _aMaster Negative SOL MN01835.07 NDD. | ||
| 533 |
_aMicrofilm. _bAtlanta, Ga. : _cSOLINET, _d1992. _e1 microfilm reel ; 35 mm. _f(SOLINET/ASERL Cooperative Microfilming Project (NEH PS-20317) ; SOL MN01835.07 NDD). _7s1992 gaun a |
||
| 600 | 1 | 0 |
_aBetancourt, Rómulo, _d1908-1981. |
| 650 | 0 |
_aCivil rights _zVenezuela. |
|
| 710 | 2 |
_aOrganization of American States. _bCommittee of Human Rights. |
|
| 740 | 0 | 1 | _aBetancourt: violator of human rights. |
| 830 | 0 |
_aSOLINET/ASERL Cooperative Microfilming Project (NEH PS-20317) ; _vSOL MN01835.07 NDD. |
|
| 942 |
_2lcc _cbk |
||
| 994 |
_aC0 _bLTN |
||
| 999 |
_c110285 _d110285 |
||